000 01236nam a22002297a 4500
003 OSt
005 20260122192620.0
008 230711b ||||| |||| 00| 0 eng d
040 _cSSBUL
041 _ashan
082 _a959.116
100 _aဢေးမွင်ႇ (ႁူဝ်ပၢင်ႇလူင်)
_cၸၢႆး
_965620
245 _aပိုၼ်းၵႅပ်းပၢင်ႇဢူးဢမ်ႇၼၼ်ႁူဝ်ပၢင်ႇလူင်
_bAn essay on Pyin Oo Lwin /
_cၸၢႆးဢေးမွင်ႇ (ႁူဝ်ပၢင်ႇလူင်)၊ ၸၢႆးထုၼ်ႈယီႈ
260 _aႁူဝ်ပၢင်ႇလူင်
_bလိၼ်းဢွင်ႇ
_c2018
300 _a41 ၼႃႈ
_bႁၢင်ႈ
_c20 ၸိၼ်ႇထီႇ
500 _aS-SAT: Dr. Prof Sai Aung Tun
500 _aပပ်ႉၸဝ်ႈတႃႇၼႁင်းၶေႃတွၵ်ႉတိူဝ်ႇၸၢႆးဢွင်ႇထုၼ်းလူႇတၢၼ်းဝႆႉ၊ တႅမ်ႈဝႆႉတင်း တႆး-ဢင်းၵိတ်းသွင်ၽႃႇသႃ
650 _aပၢင်ႇဢူး-ပိုၼ်း
_927797
942 _cBK1
942 _2ddc
942 _2ddc
999 _c27063
_d27063